Th-PhD-Engineering resistance against barley yellow dwarf virus (bydv) in a model plant (Record no. 330448)
[ view plain ]
| 000 -LEADER | |
|---|---|
| fixed length control field | 00725nam a22002177a 4500 |
| 003 - CONTROL NUMBER IDENTIFIER | |
| control field | NUST |
| 005 - DATE AND TIME OF LATEST TRANSACTION | |
| control field | 20190816104915.0 |
| 008 - FIXED-LENGTH DATA ELEMENTS--GENERAL INFORMATION | |
| fixed length control field | 170713b xxu||||| |||| 00| 0 eng d |
| 020 ## - INTERNATIONAL STANDARD BOOK NUMBER | |
| Qualifying information | HBK. |
| 038 ## - RECORD CONTENT LICENSOR | |
| Staff Name | Attaullah. |
| 040 ## - CATALOGING SOURCE | |
| Transcribing agency | ASAB |
| 082 ## - DEWEY DECIMAL CLASSIFICATION NUMBER | |
| Classification number | Thesis 2017 MA |
| 100 ## - MAIN ENTRY--PERSONAL NAME | |
| Personal name | Muhammad Ali |
| 9 (RLIN) | 3274 |
| 245 ## - TITLE STATEMENT | |
| Title | Th-PhD-Engineering resistance against barley yellow dwarf virus (bydv) in a model plant |
| Statement of responsibility, etc. | Muhammad Ali-sup-Dr. Muhammad Tahir |
| 260 ## - PUBLICATION, DISTRIBUTION, ETC. | |
| Place of publication, distribution, etc. | Islamabad. |
| Name of publisher, distributor, etc. | Atta Ur Rahman School of Applied Biosciences NUST. |
| Date of publication, distribution, etc. | 2017. |
| 300 ## - PHYSICAL DESCRIPTION | |
| Extent | 126 P |
| 630 ## - SUBJECT ADDED ENTRY--UNIFORM TITLE | |
| Uniform title | Barley Yellow dwarf virus (BYDV) |
| 9 (RLIN) | 3275 |
| 650 ## - SUBJECT ADDED ENTRY--TOPICAL TERM | |
| Topical term or geographic name entry element | Virology and Immunology - PhD Thesis. |
| 9 (RLIN) | 19252 |
| 700 ## - ADDED ENTRY--PERSONAL NAME | |
| Personal name | Dr. Muhammad Tahir. |
| 9 (RLIN) | 19262 |
| 942 ## - ADDED ENTRY ELEMENTS (KOHA) | |
| Source of classification or shelving scheme | |
| Koha item type | Thesis |
| Withdrawn status | Lost status | Source of classification or shelving scheme | Damaged status | Not for loan | Collection code | Permanent Location | Current Location | Date acquired | Total Checkouts | Full call number | Barcode | Date last seen | Price effective from | Koha item type | Shelving location |
|---|---|---|---|---|---|---|---|---|---|---|---|---|---|---|---|
| Atta-ur-Rahman School of Applied Biosciences (ASAB) | Atta-ur-Rahman School of Applied Biosciences (ASAB) | 07/13/2017 | Thesis 2017 MA | ASABPHD28 | 07/13/2017 | 07/13/2017 | Thesis | ||||||||
| Central Library (CL) | Central Library (CL) | 08/16/2019 | 660 | CL-T-3046 | 08/16/2019 | 08/16/2019 | Thesis | Thesis |
